000 00393nam a22001577a 4500
005 20190621121400.0
008 190621b xxu||||| |||| 00| 0 eng d
020 _a978-81-224-2589-5
041 _aeng
100 _aTRIPATHI, A.N.
_95059
245 _aHUMAN VALUES
250 _a3rd, Ed. 2009
260 _aNEW DELHI
_bNEW AGE INTERNATIONAL ( P) LTD
_c2009
300 _a327p,
942 _cBK
999 _c5965
_d5963